Softvérová podpora rozhodovania s veľkými dátami
Dôležitosť potreby údajov pri kompetentnom rozhodovaní pomocou softvéru na podporu rozhodovania.
Salvato in:
| Autore principale: | |
|---|---|
| Altri autori: | |
| Natura: | Capitolo di libro |
| Lingua: | slovacco |
| Soggetti: | |
| Tags: |
Nessun Tag, puoi essere il primo ad aggiungerne!!
|
MARC
| LEADER | 00000naa$a2200000$$$4500 | ||
|---|---|---|---|
| 001 | 0281172 | ||
| 005 | 20240502074353.9 | ||
| 041 | 0 | |a slo | |
| 044 | |a SK | ||
| 245 | 1 | 0 | |a Softvérová podpora rozhodovania s veľkými dátami |c Katarína Remeňová, Jakub Kintler |
| 520 | |a Dôležitosť potreby údajov pri kompetentnom rozhodovaní pomocou softvéru na podporu rozhodovania. | ||
| 610 | 2 | 0 | |a dáta |
| 610 | 2 | 0 | |a rozhodovanie |
| 610 | 2 | 0 | |a softvér |
| 610 | 2 | 0 | |a priemysel 4.0 |
| 610 | 2 | 0 | |a Big Data |
| 100 | 1 | |a Remeňová, Katarína, 1982- | |
| 700 | 1 | |a Kintler, Jakub, 1979- | |